[Event "San Juan U2200 op"]
[Site "San Juan"]
[Date "2016.11.12"]
[Round "2"]
[White "Delias, Rodolfo"]
[Black "Cicero, Fernando Sebastian"]
[Result "1-0"]
[WhiteElo "1692"]
[BlackElo "1291"]
[PlyCount "67"]
[EventDate "2016.11.12"]
[EventType "swiss"]
[EventRounds "6"]
[EventCountry "ARG"]
[SourceTitle "EXT 2024"]
[Source "ChessBase"]
[SourceDate "2023.10.10"]
[SourceVersion "1"]
[SourceVersionDate "2023.10.10"]
[SourceQuality "1"]

1. d4 d5 2. Bg5 Bf5 3. Nf3 Nd7 4. e3 Ngf6 5. Nbd2 h6 6. Bh4 e6 7. c3 c5 8. Bb5 Be7 9. dxc5 0-0 10. b4 a6 11. Ba4 b6 12. c6 Nb8 13. Nd4 Bg6 14. Bg3 Bd6 15. b5 Bxg3 16. hxg3 e5 17. N4f3 Qd6 18. Nc4 Qc5 19. Ncxe5 axb5 20. Nxg6 fxg6 21. Bb3 Qxc3+ 22. Kf1 Qxc6 23. Rc1 Qd6 24. e4 Nbd7 25. exd5 Nc5 26. Nh4 Nxb3 27. Qxb3 Qxd5 28. Nxg6 Qxb3 29. axb3 Rfc8 30. Rxc8+ Rxc8 31. Ne7+ Kf7 32. Nxc8 Nd5 33. Nd6+ Ke6 34. Nxb5 1-0

[Event "San Luis Don Lucero Memorial 2nd"]
[Site "San Luis"]
[Date "2016.02.20"]
[Round "3.4"]
[White "Delias, Rodolfo"]
[Black "Rojas, Agostina"]
[Result "1-0"]
[WhiteElo "1752"]
[BlackElo "1062"]
[PlyCount "29"]
[EventDate "2016.02.19"]
[EventType "swiss"]
[EventRounds "6"]
[EventCountry "ARG"]
[SourceTitle "EXT 2024"]
[Source "ChessBase"]
[SourceDate "2023.10.10"]
[SourceVersion "1"]
[SourceVersionDate "2023.10.10"]
[SourceQuality "1"]

1. d4 d5 2. Bg5 Bf5 3. e3 Nc6 4. Bd3 g6 5. Ne2 e6 6. Bxd8 Nxd8 7. Bxf5 gxf5 8. Nd2 Nc6 9. c4 Bb4 10. cxd5 exd5 11. Nc3 Nge7 12. Qa4 Kd8 13. 0-0 a6 14. a3 Bd6 15. Nf3 1-0